000 00859nam a22002417a 4500
003 LK-CoMWRAF
005 20240118154556.0
008 231211b2001 |||||||| |||| 00| 0 eng d
020 _a9555820058
040 _aLK-CoMWRAF
_dLK-CoMWRAF
_eLK-CoMWRAF
041 _aeng
082 _a303.6
_bPHI
100 _a Philipson, Liz
130 _aA history of ethnic conflict in Sri Lanka: recollection, reinterpretation & reconciliation
245 _a Negotiating processes in Sri Lanka
260 _aColombo:
_b Marga Institute,
_c2001
300 _a22 p. ; 23 cm.
_bBibliography included
490 _aMarga monograph series on ethnic reconciliation
_vno. 2
650 _aSri Lanka- Ethnic relations-Political aspects
650 _aSri Lanka- Politics and government
650 _aTamil (Indic people)- Sri Lanka- Politics and government
942 _cBK
999 _c4345
_d4345